Obálka Náhled e-knihy:
PDF Epub
Pro půjčování e-knih musíte být přihlášeni.
Jak si půjčit online?

Léto mezi řádky /

Queer romance o lásce a nelehkých vztazích mezi dospívajícími.

Uloženo v:
Hlavní autor: Štraubová, Alena (Autor)
Médium: E-kniha
Jazyk:Czech
Vydáno: Praha : Fragment, 2023
Vydání:1. vydání
Témata:
Tagy:
Žádné tagy
LEADER 02236nam a2200433 i 4500
001 311927
003 CZ PrSKC
005 20260601215714.0
007 ta
008 230505s2023 xr d 000 f cze
015 |a cnb003516151 
020 |a 9788025362471  |q (brožováno) :  |c Kč 349,00 
035 |a (OCoLC)1389729040 
040 |a ABG001  |b cze  |e rda 
072 7 |a 821.162.3-3  |x Česká próza  |2 Konspekt 
072 7 |a 821-93  |x Literatura pro děti a mládež (beletrie)  |2 Konspekt 
080 |a 821.162.3-31  |2 MRF 
080 |a 821-93  |2 MRF 
080 |a (0:82-31)  |2 MRF 
100 1 |a Štraubová, Alena  |7 xx0300655  |4 aut 
245 1 0 |a Léto mezi řádky /  |c Alena Štraubová 
250 |a 1. vydání 
264 1 |a Praha :  |b Fragment,  |c 2023 
300 |a 227 stran ;  |c 21 cm 
336 |a text  |b txt  |2 rdacontent 
337 |a bez média  |b n  |2 rdamedia 
338 |a svazek  |b nc  |2 rdacarrier 
520 2 |a Queer romance o lásce a nelehkých vztazích mezi dospívajícími.  |b Osmnáctiletý Denis se svou přítelkyní Vendy odjíždí na celé léto do Španělska, kde má působit jako animátor. Ne že by to byl jeho styl - nejraději by prázdniny strávil doma s nosem zabořeným do knihy. Místo toho však začne prožívat vlastní příběh jako z románu. Členem animátorského týmu je i Vincent, chytrý, sebevědomý a pohledný bohém. Denise vytáčí naprosto vším, co udělá, zároveň ho ale nepochopitelně fascinuje. Nakladatelská anotace. Kráceno. 
521 8 |a Pro čtenáře od 14 let 
655 7 |a české romány  |7 fd133974  |2 czenas 
655 7 |a publikace pro mládež  |7 fd133157  |2 czenas 
655 9 |a Czech fiction  |2 eczenas 
655 9 |a juvenile literature  |2 eczenas 
900 |a ABA001  |b 19 
928 9 |a Albatros Media - Fragment 
044 |a xr 
910 |a RBIT002 
998 |d 375467  |a https://core.palmknihy.cz/api/books/375467/cover?si6nge  |b https://core.palmknihy.cz/api/books/375467/cover/400?si6nge  |c https://core.palmknihy.cz/api/books/375467/cover/50?si6nge  |e 2033-12-31  |g 232  |i 9788025362471  |j https://core.palmknihy.cz/api/books/375467/preview.epub  |k https://core.palmknihy.cz/api/books/375467/preview.pdf  |l   |q 49  |r 1  |s https://www.palmknihy.cz/kniha/375467  |t ebook  |y 2023  |z 0 
999 |d 311925